000 00974cam a2200289 4500
999 _c3761
_d3761
001 678804
003 OSt
005 20241022085452.0
008 210820s20001993enka f b 001 0 eng d
010 _a85025478
020 _a9780521457286
_q(pbk.)
040 _aDLC
_beng
_dTWNTU
_cKH8
042 _anbic
082 0 _a530.12 DAV
100 1 0 _aDavies, P. C. W. ,
_eauthor.
245 1 4 _aThe Ghost in the Atom :
_bA Discussion of the Mysteries of Quantum Physics /
_cby P. C. W. Davies, J.R. Brown.
246 3 0 _aA Discussion of the Mysteries of Quantum Physics.
250 _aCanto ed.
260 0 _aCambridge [Cambridgeshire] ;
_bCambridge University Press,
_c2000.
300 _aix, 157 p. :
_bill. ;
_c22 cm.
500 _aReprint. Originally published: 1993.
504 _aIncludes bibliographical references and index.
650 0 _aPhysicists
_xInterviews.
650 0 _aQuantum theory.
700 1 0 _aBrown, J. R.
_q(Julian Russell),
_d1957-
942 _2ddc
_cNFIC